| 000 | 00316 a2200121 4500 | ||
|---|---|---|---|
| 001 | 89920 | ||
| 082 | _a297.4 HAN | ||
| 090 |
_c42381 _d42381 |
||
| 100 | _aHanif Raamey Muhammad | ||
| 245 |
_aIslam ki Rohani Qadrain: Moat Nahi, Zindagi _hUrdu |
||
| 260 |
_aLahore _bSang-e-meel Publications _c2006 |
||
| 300 | _a478p. | ||
| 942 |
_aCAE NUST _k297.4 HAN |
||
| 999 |
_c324993 _d324993 |
||